000 00814nam a2200253Ia 4500
003 OSt
005 20220923213628.0
006 a|||||r|||| 00| 0
007 ta
008 220922b |||||||| |||| 00| 0 hin d
024 _a163,646
037 _cTextual
040 _aARTS
_cARTS
_bhin
041 _2hin
_ahin
082 _aO152,1M88x, J6;K6
100 _aचतुर्वेदी, माखनलाल
245 0 _aहिमकिरीटिनी
246 _aHimakirīṭinī
250 _aसंस्क03
260 _aप्रयाग
_b भारती भण्डार
_c1966
650 _aहिन्दी साहित्य
_9156264
942 _hO152,1M88x, J6;K6
_cTEXL
_2CC
999 _c318126
_d318126